| 000 | 01265nam a2200337 a 4500 | ||
|---|---|---|---|
| 001 | 000111085 | ||
| 003 | CHAP | ||
| 005 | 20221024123536.0 | ||
| 008 | 141202s2014 mx a fsm |||||||spa d | ||
| 010 | _a107547 | ||
| 011 | _a108519 | ||
| 040 | _cCHAP | ||
| 090 | _aTesis | ||
| 100 | 1 |
_aRodríguez Espinosa, Mara Monserrat _9128893 |
|
| 245 | 1 | 0 |
_aCampaña de promoción internacional de la carne mexicana de bovino 2013-2014 (Mexican beef) / _h[En línea] _cpor Mara Monserrat Rodríguez Espinosa. |
| 260 |
_aChapingo, Méx. : _bEl autor, _c2014 |
||
| 500 | _aPara ver el contenido del material haga clic en la liga | ||
| 502 | _aTesis (Lic. en Comercio Internacional de Productos Agropecuarios)-- UACH. División de Ciencias Económico Administrativas | ||
| 590 |
_aE11695DGD _b10 _c20141205 |
||
| 590 |
_aE5995AHE _b05 _c20141202 |
||
| 590 |
_aE5995AHE _b05 _c20141202 |
||
| 590 |
_aE5995AHE _b05 _c20141202 |
||
| 650 | 1 | 4 |
_aCarne de res _xCalidad. _919192 |
| 650 | 1 | 4 |
_aCarne de res _xInspección. _919209 |
| 650 | 1 | 4 |
_aCarne de res _xMercadeo _xMéxico. _919213 |
| 650 | 1 | 4 |
_aExportación e importación. _939074 |
| 856 |
_aFinding aid _uhttp://10.13.5.2/tesis/sist111085.pdf _zTeclea aquí |
||
| 901 | _aBK | ||
| 942 |
_cTESIS _2ddc |
||
| 942 |
_n0 _2ddc |
||
| 999 |
_c107547 _d107547 |
||